=LDR 00000nam 2200000 4500 =001 INLIS000000000023522 =005 20200603074603 =035 ##$$a 0010-061300000023522 =008 200603################g##########0#ind## =041 ##$$a Ind =082 ##$$a 2X4.55 =090 ##$$a 2X4.55, Qud a =100 ##$$a Qudamah, Ibnu =245 1#$$a Air mata penyesalan : $b ( Kisah mereka yang bertaubat ) /$c Ibnu qudamah; Penerjemah, Abdulkadir mahdamy =260 ##$$a Solo :$b Pustaka mantiq,$c 1996 =300 ##$$a 213 hlm ; $c 13 x 19,5 cm. =650 #4$$a Taubat =850 ##$$a NBPNMAT =084 ##$$a 2X4.55 QUD a =250 ##$$a Cet. 1 =504 ##$$a Judul asli : Dumu,un nadamah fi qoshoshit-tawabin li ibni qudamah =990 ##$$a 11451145 =990 ##$$a 16231623 =990 ##$$a 000.402/Pro- 97 =990 ##$$a 1201101622 =990 ##$$a 1201101622 =990 ##$$a 000.402/Pro- 97 =990 ##$$a 1201101622 =990 ##$$a 000.402/Pro- 97